[Event "RUS-ch sf 58th"]
[Site "Kazan"]
[Date "2005.09.09"]
[Round "7"]
[White "Vorobiov, Evgeny E"]
[Black "Bragin, Alexander"]
[Result "1-0"]
[WhiteElo "2552"]
[BlackElo "2396"]
[Annotator "Ftacnik,L"]
[PlyCount "51"]
[EventDate "2005.09.03"]
[EventType "swiss"]
[EventRounds "9"]
[EventCountry "RUS"]
[SourceTitle "CBM 109"]
[Source "ChessBase"]
[SourceDate "2005.11.14"]
[SourceVersion "1"]
[SourceVersionDate "2005.11.14"]
[SourceQuality "1"]

1. e4 c5 2. Nf3 d6 3. d4 cxd4 4. Nxd4 Nf6 5. Nc3 a6 6. Be3 e6 7. g4 Nc6 8. g5
Nd7 9. h4 Be7 10. Qd2 O-O 11. O-O-O Nxd4 12. Qxd4 b5 13. Kb1 Bb7 14. h5 Nc5 (
14... Bxg5 15. Rg1 (15. Qxd6 Bxe3 16. fxe3 Nf6 17. Qf4 Qb8 18. Qh4 h6 19. a3
Qe5 {1/2-1/2 Madani,K-Khakpoor,A (2200)/Iran 1996/ (37)}) 15... Bf6 16. Qxd6
Ne5 17. f4 Qxd6 18. Rxd6 Nf3 19. Rg3 b4 20. Ne2 Nh4 21. Bd4 Bxd4 22. Rxd4 {
1-0 Feher,G (2410)-Zetocha,C (2320)/Harkany 1994/ (57)}) 15. f4 {Vorobiov
plays a logical move for the kingside attack. White has actually saved the
tempo usually needed for the preparatory f2-f3 in the English attack.} (15. a4
Bxg5 16. Rg1 e5 17. Bxg5 Qxg5 18. Qxd6 Qxg1 19. Qxc5 Qg5 20. axb5 axb5 21. Rd7
Bc8 22. Rd3 Be6 {0-1 Rajlich,V (2297)-Antal,G (2308)/Budapest 1999/ (45)})
15... e5 16. fxe5 Ne6 17. Qd2 (17. Qb6 Qxb6 18. Bxb6 Bd8 19. Bxd8 Raxd8 20.
exd6 Nxg5 $14) 17... dxe5 18. Qh2 Qc7 19. g6 $1 Bg5 (19... Bc5 20. Bxc5 (20. h6
Bxe3 21. hxg7 $13) 20... Nxc5 21. gxh7+ Kh8 22. Nd5 Rad8 23. Bh3 $16) 20. h6 $2
{[%mdl 64] White is getting too excited about his progress on the kingside,
sacrifice of the bishop e3 was anything but necessary. The tactics doesn't
work for him as Bragin can coordinate his defensive forces.} (20. gxh7+ $1 Kxh7
21. Bxg5 Nxg5 22. Bh3 $16) 20... gxh6 $2 (20... Bxe3 $1 21. hxg7 Kxg7 22. Nd5 (
22. Qxh7+ Kf6 23. Qh3 Bf4 24. Qf5+ Ke7 25. Rh7 Ng5 $17) 22... Bxd5 23. exd5
hxg6 24. dxe6 Rh8 25. Bh3 Bf4 $13) 21. Bxg5 Nxg5 22. Qxh6 {Due to panic
reaction black is completely lost as he can not prevent devastating opening of
the kingside.} f6 (22... fxg6 23. Qxg5 $18) 23. Bh3 Bc6 (23... hxg6 24. Rd7 $18
) (23... Nxh3 24. Qxh3 Bc8 25. Qh4 Be6 26. g7 Qxg7 27. Rdg1 $18) (23... Bc8 24.
Nd5 Qg7 25. Nxf6+ Rxf6 (25... Qxf6) 26. Rd8+ Rf8 27. gxh7+ Nxh7 28. Be6+ Bxe6
29. Qxe6+ Kh8 30. Rd7 $18) 24. Rdg1 Qg7 25. Be6+ $1 Kh8 (25... Nxe6 26. gxh7+
Kh8 27. Rxg7 Nxg7 28. Rg1 $18) 26. Rxg5 1-0

[Event "Skopje op 18th"]
[Site "Skopje"]
[Date "2002.01.16"]
[Round "2"]
[White "Damaso, Rui"]
[Black "Erdogdu, Mert"]
[Result "1-0"]
[WhiteElo "2412"]
[BlackElo "2318"]
[Annotator "Ftacnik,L"]
[PlyCount "73"]
[EventDate "2002.01.15"]
[EventType "swiss"]
[EventRounds "9"]
[EventCountry "MKD"]
[SourceTitle "CBM 088"]
[Source "ChessBase"]
[SourceDate "2002.03.21"]
[SourceVersion "1"]
[SourceVersionDate "2002.03.21"]
[SourceQuality "1"]

1. e4 c5 2. Nf3 d6 3. d4 cxd4 4. Nxd4 Nf6 5. Nc3 a6 6. Be3 e6 7. g4 e5 8. Nf5
g6 9. Bg2 gxf5 10. exf5 h5 11. h3 hxg4 12. hxg4 Rxh1+ 13. Bxh1 Nc6 {White can
claim some compensation for the sacrificed piece, black's defense is not a
grateful task.} (13... d5 $1 14. Qe2 (14. Nxd5 Nxd5 15. Bxd5 Nd7 16. g5 Qc7 $13
) 14... d4 15. O-O-O Qe7 16. g5 dxc3 17. gxf6 Qb4 18. bxc3 Qb5 19. Qe1 Ba3+ 20.
Kd2 Bxf5 21. Bd4 Nd7 22. Rb1 Qa4 23. Rb3 Be6 24. Bxe5 Nxe5 25. Qxe5 O-O-O+ 26.
Ke2 Bxb3 {0-1 Berczes,D-Blasko,I/Budapest 2001/ (26)}) 14. Qe2 Qa5 (14... d5
15. O-O-O d4 16. Bxd4 Qe7 17. Be3 Nd4 18. Qe1 $13) 15. O-O-O Bd7 (15... Nh7 $5
16. Qc4 Rb8 17. Ne4 $36) 16. g5 O-O-O $2 {[%mdl 1024] There was no need to
sacrifice the piece, for the difficult position black needed some compensation
in material advantage.} (16... Ng8 $1 17. Be4 Rc8 18. Qh5 Nd8 19. Nd5 Bc6 20.
Kb1 $13) 17. gxf6 Bxf5 18. Qc4 (18. Bxc6 bxc6 19. Qc4 Bd7 20. Nd5 $16) 18...
Be6 19. Bd5 $1 Kd7 (19... Re8 20. Bxe6+ Rxe6 21. Nd5 e4 22. Kb1 Qd8 23. Rh1 $18
) 20. Rh1 Re8 21. a3 (21. Bxe6+ Rxe6 22. Qg4 Nd8 (22... Qd8 23. Rh8 $18) 23.
Rh8 $18) 21... Nd8 22. Kb1 Qc7 (22... b5 23. Qe4 Qc7 24. Rh8 $16) 23. Qe4 Kc8
24. Rh7 {The pressure is very unpleasant, black's pieces are all very passive.}
Kb8 (24... Bxd5 25. Nxd5 Qc6 26. Bb6 Ne6 27. Rxf7 $18) 25. Bxe6 Nxe6 (25...
Rxe6 26. Nd5 Qd7 27. Bb6 Nc6 28. Bc7+ Ka7 29. Qg4 Nd4 30. Rh8 $18) 26. Nd5 Qd7
27. Qg4 Qc6 (27... Qb5 28. c4 Qd7 29. Qh5 $18) 28. Nb4 Qd7 29. Qh5 Nd8 30. Bb6
$1 {With the fall of f7 pawn the defender's position will fly apart.} d5 31.
Bxd8 Bxb4 (31... Rxd8 32. Qxe5+ $18) (31... Qxd8 32. Qxf7 Qc8 33. Nxa6+ $18)
32. axb4 Rxd8 (32... Qxd8 33. Qxf7 Qc8 34. Qxd5 $18) 33. Qxe5+ Ka7 34. Qe7 Qf5
(34... Qxe7 35. fxe7 Re8 36. Rxf7 $18) 35. Rxf7 Rb8 36. Qc5+ Ka8 37. Rf8 1-0

[Event "Moscow Tal Memorial 1st"]
[Site "Moscow"]
[Date "2006.11.08"]
[Round "3"]
[White "Ponomariov, Ruslan"]
[Black "Morozevich, Alexander"]
[Result "1-0"]
[WhiteElo "2703"]
[BlackElo "2747"]
[Annotator "Ftacnik,L"]
[PlyCount "105"]
[EventDate "2006.11.06"]
[EventType "tourn"]
[EventRounds "9"]
[EventCountry "RUS"]
[EventCategory "20"]
[SourceTitle "CBM 116"]
[Source "ChessBase"]
[SourceDate "2007.02.01"]
[SourceVersion "1"]
[SourceVersionDate "2007.02.01"]
[SourceQuality "1"]

1. e4 c5 2. Nf3 d6 3. d4 cxd4 4. Nxd4 Nf6 5. Nc3 a6 6. Be3 e6 7. g4 d5 {
The activity on the kingside is met by black in accordance with the strategic
textbook with the counterblow in the center. Unfortunatelly due to the
d7-d6-d5 Morozevich has in higher sense lost one tempo.} 8. g5 Nxe4 9. Nxe4
dxe4 10. Qg4 (10. Bg2 Nd7 11. Nb3 Be7 12. Qd2 Nb6 13. Qd4 Qxd4 14. Bxd4 Nc4 15.
Bxg7 Rg8 16. Bc3 Nd6 17. h4 Bd7 18. O-O-O Bc6 19. Be5 Bd5 20. Kb1 Nc4 {1/2
Kobalia,M (2505)-Dvoirys,S (2585)/St Petersburg 1998/ (38)}) 10... Nd7 (10...
Qa5+ 11. c3 Be7 (11... Bd7 12. Qxe4 Nc6 13. Nb3 Qe5 14. Bg2 Qxe4 15. Bxe4 Be7
16. Nc5 O-O-O 17. Nxd7 Rxd7 18. Ke2 Ne5 19. Rad1 $14 {1-0 Shirov,A (2700)
-Georgiev,K (2670)/Belgrade 1997/ (46)}) 12. h4 Bd7 13. Qxe4 Nc6 14. Nb3 Qe5
15. Bg2 O-O-O 16. O-O-O Qxe4 17. Bxe4 Be8 18. Rde1 Kc7 $11 {0-1 Filipenko,A 
(2415)-Akhmadeev,V (2395)/Kstovo 1994/ (41)}) 11. O-O-O Qa5 (11... Nc5 $2 12.
Nc6 $18) 12. Nb3 Qf5 (12... Qxa2 13. Qxe4 Be7 14. h4 $40) 13. Qg3 {Ponomariov
is obviously ahead in the development race, the next task will be to win the
black e4 pawn.} Be7 14. h4 Qf3 (14... O-O 15. Bg2 Qe5 (15... a5 16. Nd2 a4 17.
Bxe4 $14) 16. Qxe5 Nxe5 17. Bxe4 Ng4 18. Bb6 $14) 15. Qh2 Qf5 (15... O-O 16.
Nd4 Qh5 17. Be2 Qg6 18. h5 $18) 16. Bg2 O-O 17. Qc7 (17. Rd4 Qe5 18. Bf4 Qb5
19. Bxe4 Nc5 20. Bf3 $14) 17... Bd8 18. Qc4 Bb6 (18... Ne5 19. Qxe4 Qxe4 20.
Bxe4 f5 21. gxf6 Bxf6 22. Na5 $14) 19. Bxe4 {The Ukrainian exchampion of the
world is trying to solve the problem of the best continuation. Tempting was
also the exchange of the bishops on the square b6.} (19. Bxb6 Nxb6 20. Qd4 Qb5
21. Qxe4 $14) 19... Bxe3+ (19... Qb5 20. Qc3 $14) 20. fxe3 Qe5 21. Qd4 Rb8 (
21... f5 22. gxf6 Qxd4 23. f7+ Rxf7 24. Rxd4 $14) (21... Qxd4 22. exd4 a5 23.
a4 $14) 22. h5 b6 (22... Qxg5 23. h6 e5 24. Qa7 g6 25. Bd5 $14) 23. h6 $1 {
Thanks to the centralized queen on the square e5 Morozevich will not succumb
to the mating attack, but he still has continue fighting for equality.} g6 24.
Nd2 (24. Bc6 Qxd4 25. Nxd4 Ne5 26. Rh4 f5 27. gxf6 Rxf6 28. Rf4 Kf7 29. Re4 $14
) 24... b5 25. Nf3 Qxd4 26. exd4 Rb6 (26... f5 27. Bc6 (27. gxf6 Nxf6 28. Bc6
Ng4 29. Rdg1 Rb6 $11) 27... Bb7 28. d5 Nc5 29. Bxb7 Rxb7 30. dxe6 $14) 27. Rhf1
b4 (27... Bb7 28. Bxb7 Rxb7 29. a3 $14) 28. Rde1 (28. Nd2 Bb7 29. Rfe1 Ba8 30.
Bxa8 Rxa8 31. Ne4 Rb5 32. Re3 $14) 28... a5 29. Ne5 {Ponomariov had no easy
task in improving his position, since the opponent was careful at defending
his weak spots.} (29. Bd3 Rd6 30. c4 bxc3 31. bxc3 Bb7 $11) (29. Nd2 Rd6 30.
Rf4 f6 31. Bf3 fxg5 32. Rxf8+ Kxf8 33. Ne4 Rxd4 34. Nxg5 $14) 29... Nxe5 30.
dxe5 Rb5 31. Bd3 Rc5 32. Rf4 Bb7 33. Rc4 Rfc8 {[%mdl 4096] The endgames are
naturally better for White due to the pawn majority on the queenside. The
structure on the kingside flank is firmly fixed.} (33... Rd5 $5 34. Rc7 Ba8 35.
b3 Rd4 36. Ra7 Rg4 37. Rxa5 Rb8 $11) 34. Rxc5 Rxc5 35. Kd2 Rd5 36. Re4 (36. c4
Rd4 37. Rg1 Rf4 38. Ke3 Rf3+ 39. Kd4 Rf2 $13) 36... Kf8 37. c4 Rc5 $6 {It
seems, that White would have tougher task in achieving progress after the swap
on the c3 square.} (37... bxc3+ $1 38. bxc3 Ke7 $11) 38. Re3 Ke7 39. b3 Kd8 40.
Be4 Bc8 (40... Bxe4 41. Rxe4 Ke7 42. Kd3 Rc7 43. Rd4 Rc6 (43... Rc5 44. Ke4 Rc6
$14) (43... Rd7 44. Ke4 Kd8 45. Rd6 $16) 44. Ke4 a4 45. Rd2 a3 46. Kd4 $16) 41.
Bf3 Kc7 42. Kd3 Kb6 43. Ke4 Rc7 (43... Bb7+ 44. Kf4 $16) 44. Rd3 Rd7 45. Rd6+
$1 (45. Rxd7 $6 Bxd7 46. Kd4 Bc8 47. c5+ Kb5 48. c6 Kb6 49. c7 Kxc7 50. Kc5 Bd7
51. Be2 $16) 45... Kc5 46. Kf4 $22 {Ponomariov is using his chances to the
hilt, black is facing the great crises.} Rxd6 (46... Rc7 47. Rd8 Bb7 48. Bxb7
Rxb7 49. Rh8 $18) 47. exd6 Kxd6 48. c5+ $1 Kxc5 $2 {The white combination was
making rounds in the world chess press, but hardly anybody took time to
investigate the consequences of the correct defence 48...Ke7! The task of the
defender would have remained very serious, but the burden of the prove would
remain on White.} (48... Ke7 $1 49. Ke5 Ba6 50. c6 Bd3 51. c7 Ba6 52. Be2 Bc8
53. Bb5 Bb7 54. Kd4 Kd6 55. Be8 e5+ (55... Ke7 56. Bc6 Bc8 57. Kc5 $18) 56. Kd3
Ke6 57. Bb5 Bc8 58. Bc4+ Kf5 59. Bxf7 Kxg5 60. Ke4 Kf6 (60... Kxh6 61. Kxe5)
61. Bd5 (61. Bg8 Bb7+) 61... Bf5+ 62. Ke3 Bc8 63. Bc4 $14) 49. Ke5 Ba6 50. Kf6
Kd6 51. Be4 $1 Be2 52. Kxf7 Bg4 53. Bxg6 {There is no way to stop the h pawn,
Morozevich admitted his defeat.} (53. Bxg6 hxg6 54. h7 $18) 1-0

[Event "Montreal 6th"]
[Site "Montreal"]
[Date "2005.08.06"]
[Round "4"]
[White "Charbonneau, Pascal"]
[Black "Shipov, Sergei"]
[Result "1-0"]
[WhiteElo "2509"]
[BlackElo "2582"]
[Annotator "Ftacnik,L"]
[PlyCount "107"]
[EventDate "2005.08.03"]
[EventType "tourn"]
[EventRounds "11"]
[EventCountry "CAN"]
[EventCategory "12"]
[SourceTitle "CBM 109"]
[Source "ChessBase"]
[SourceDate "2005.11.14"]
[SourceVersion "1"]
[SourceVersionDate "2005.11.14"]
[SourceQuality "1"]

1. e4 c5 2. Nf3 d6 3. d4 cxd4 4. Nxd4 Nf6 5. Nc3 e6 6. g4 h6 7. h4 Nc6 8. Rg1
h5 9. gxh5 Nxh5 10. Bg5 Qb6 11. Nb3 a6 12. Qe2 {The queen in this line of
Keres attack usually goes to d2, but from e2 it can monitor h5 and c4 squares
and even toy with an idea of timely Nd5 jump.} Bd7 (12... Qc7 13. O-O-O Bd7 (
13... b5 14. Bg2 b4 15. Na4 e5 16. Bf3 Nf6 (16... g6 17. Kb1 Be7 18. Bxe7 Kxe7
19. Qe3 {1-0 Ljubojevic,L (2605)-Kotronias,V (2415)/Dubai 1986/ (35)}) 17. h5
Nd8 18. h6 Ne6 19. hxg7 Bxg7 20. Be3 Rb8 21. Nd2 Bd7 22. Nb6 Rxb6 23. Bxb6 Qxb6
24. Nc4 Qc7 25. Nxd6+ Kf8 26. Nf5 {1/2-1/2 Vogt,L (2465)-Enders,P (2330)/
Dresden 1985/ (51)}) 14. Bg2 b5 15. a3 Rc8 16. f4 b4 17. axb4 Nxb4 18. Bf3 Bb5
19. Nxb5 Qxc2+ 20. Qxc2 Rxc2+ 21. Kb1 axb5 22. Nd4 Rc5 23. Be2 {1-0
Pokojowczyk,J (2370)-Balicki,C (2230)/Poznan 1984/ (32)}) 13. O-O-O Nf6 (13...
Rc8 14. Bg2 Ne5 15. f4 $14) 14. Bg2 Qc7 15. Rge1 O-O-O 16. f4 Be7 (16... Ne7
17. e5 d5 18. Kb1 Nh5 19. Bf3 $16) 17. e5 Ne8 {Shipov should have taken
advantage of the fact, that the bishop on g5 is not a flexible piece with the
tough move 17...d5!} (17... d5 $1 18. f5 (18. Bf3 Ng8 19. Bxe7 (19. Bxd5 exd5
20. Nxd5 Qb8 21. Nb6+ Kc7 22. Nxd7 Rxd7 23. Rxd7+ Kxd7 24. Qg4+ Kc7 25. Bxe7
Ngxe7 26. Qxg7 Qf8 $15) 19... Ngxe7 20. h5 f6 $11) 18... Nh5 19. Qe3 Kb8 $14)
18. Bxe7 (18. Bxc6 Bxc6 19. Nd4 Bxg5 20. hxg5 g6 21. Kb1 $16) 18... Nxe7 19.
Ne4 dxe5 (19... Nd5 20. Qf2 Bc6 (20... dxe5 21. Ng5 $16) 21. Nd4 $1 $16) 20.
fxe5 Bc6 (20... Qxe5 21. Nd6+ Qxd6 22. Rxd6 Nxd6 23. Na5 $14) 21. Rxd8+ {
Charbonneau is becoming focused on the idea of jumping with the knight to d6.
The analyses after the game has proven, that very unpleasant problems would
await black after the best move 21.Ng5!?} (21. Ng5 $5 Rxd1+ 22. Rxd1 Rxh4 (
22... Nf5) (22... Bxg2 23. Nxf7 Rxh4 24. Nd6+ $18) 23. Nxf7 $16) 21... Qxd8 (
21... Kxd8 22. Rd1+ Kc8 23. Nd6+ Kb8 24. Nxf7 Rxh4 25. Bxc6 Nxc6 26. Nd6 $16)
22. Rd1 (22. Ng5 Rxh4 23. Nxf7 Qc7 24. Rd1 $16) 22... Qb6 23. Nd6+ (23. Ng5
Rxh4 24. Nxf7 $14) 23... Nxd6 24. exd6 Nf5 (24... Nd5 25. Bxd5 Bxd5 26. c4 Bc6
27. Qe5 $14) 25. Bxc6 Qxc6 $2 {Shipov reacts with a schematic move.
Uncomparably better was to take back with a pawn and put up real resistance to
the advance of the d6 pawn.} (25... bxc6 $1 26. d7+ Kd8 27. Qg2 f6 (27... Rxh4
28. Na5 Qxa5 29. Qxc6 $18) 28. c3 $14) 26. Na5 Qb6 (26... Qd7 27. Nc4 $16) 27.
d7+ Kd8 28. Qc4 $6 (28. Qg2 $1 Qxa5 29. Qxb7 Rf8 30. Qc8+ Ke7 31. Qxf8+ Kxf8
32. d8=Q+ Qxd8 33. Rxd8+ Ke7 34. Ra8 $18) 28... Ne7 29. Qf4 $6 {White is not
using his best chances to get the maximum benefit from the magnificient
advance of the d pawn.} (29. Qc3 $1 Qc7 (29... f6 30. Nc4 Qc7 31. Nd6 Qxc3 32.
Nf7+ Kc7 33. bxc3 Rd8 34. Nxd8 Kxd8 35. h5 $18) 30. Qxg7 Rg8 31. Qc3 Nd5 32.
Qxc7+ Kxc7 33. Nxb7 Kxb7 34. c4 Kc7 35. cxd5 Kxd7 36. dxe6+ Kxe6 37. Rh1 $16)
29... Qc7 30. Qxc7+ Kxc7 31. Nxb7 Nc6 $1 32. Nd6 Ne5 33. Rd4 (33. Ne8+ Kd8 34.
Nxg7 Rxh4 35. Ne8 Rf4 36. Nd6 Nxd7 $11) 33... g6 (33... Rd8 34. Ne8+ Kb8 35.
Nxg7 $18) (33... Rg8 34. c4 f5 35. Ne8+ Kd8 36. c5 Nxd7 37. c6 Kxe8 38. Rxd7
Rh8 39. Rxg7 Kd8 $11) 34. Ne8+ Kd8 35. Nd6 Kc7 36. Ne8+ Kd8 37. c4 Nf3 $2 {
[%mdl 4096] Both players are struggling to understand the intricacies of the
unusual position, much better was keep the knight close to the advanced pawn
37...Nc6!} (37... Nc6 $1) 38. Rf4 (38. Nd6 $1 $16) 38... Ne5 (38... Nxh4 39.
Rxf7 Nf5 40. c5 $16) 39. Rd4 Nf3 $2 (39... Nc6 $1 40. Nd6 Ke7 41. Rd1 Rxh4 42.
b4 Rd4 43. Rxd4 Nxd4 44. Nxf7 Kxd7 45. Ne5+ Kd6 46. Nxg6 $14) 40. Nd6 $1 {
This surprizing shot missed by both players on the move 38. is now deciding
the game.} Nxd4 (40... Rh7 41. Nb7+ $18) 41. Nxf7+ Kxd7 42. Nxh8 Ne2+ (42...
Nf3 43. Nxg6 $18) 43. Kd2 Nf4 44. b4 Ke7 (44... Kc6 45. Kc3 e5 46. Nf7 e4 47.
Kd4 e3 48. Kxe3 Ng2+ 49. Ke4 Nxh4 50. Ne5+ Kb7 51. a4 $18) 45. a4 e5 {White
knight is trapped on h8, but the marching pawns on the queenside are more
important for the outcome of the struggle.} (45... Kf6 46. b5 axb5 47. cxb5 Ke7
48. b6 Kd7 49. a5 Kc8 50. Nf7 $18) 46. a5 Kf6 47. b5 Ne6 (47... Kg7 48. b6 $18)
48. bxa6 Kg7 49. a7 Nc7 50. Ke3 Kxh8 51. Ke4 Kg7 52. Kxe5 Kf7 (52... Kh6 53.
Kd6 Na8 54. Kc6 Kh5 55. Kb7 Kxh4 56. Kxa8 $18) 53. Kd6 Na8 54. Kd7 (54. Kd7 Kf6
55. c5 $18) 1-0

[Event "Olympiad-34"]
[Site "Istanbul"]
[Date "2000.11.01"]
[Round "5.1"]
[White "Shirov, Alexei"]
[Black "Van Wely, Loek"]
[Result "1-0"]
[WhiteElo "2746"]
[BlackElo "2643"]
[Annotator "Ftacnik,L"]
[PlyCount "49"]
[EventDate "2000.10.28"]
[EventType "team-swiss"]
[EventRounds "14"]
[EventCountry "TUR"]
[SourceTitle "EXT 2001"]
[Source "ChessBase"]
[SourceDate "2000.11.22"]
[SourceVersion "1"]
[SourceVersionDate "2000.11.22"]
[SourceQuality "1"]
[WhiteTeam "Spain"]
[BlackTeam "Netherlands"]
[WhiteTeamCountry "ESP"]
[BlackTeamCountry "NED"]

1. e4 c5 2. Nf3 d6 3. d4 cxd4 4. Nxd4 Nf6 5. Nc3 a6 6. Be3 e6 7. g4 e5 8. Nf5
g6 9. g5 gxf5 10. exf5 d5 11. Qf3 d4 12. O-O-O Nbd7 13. Bd2 Qc7 14. gxf6 dxc3
15. Bxc3 Qc6 16. Qg3 Qxh1 17. Bg2 Bh6+ 18. Bd2 Bxd2+ (18... Qxd1+ $5 19. Kxd1
Bxd2 20. Kxd2 Rf8 21. Bd5 $13) 19. Kxd2 Qxg2 $2 {It is a bit mysterious why
black decided not to take second rook for his qeen. The punishment will be
rather severe.} (19... Qxd1+ 20. Kxd1 Rf8 $13) 20. Qxg2 a5 21. f4 $1 exf4 (
21... Ra6 22. fxe5 $18) 22. Qg7 Rf8 23. Re1+ Kd8 24. Re7 Kc7 $2 (24... Re8 25.
Qxf7 Nxf6 26. Rxe8+ Nxe8 27. f6 $18) (24... Ra6 25. Rxd7+ Kxd7 26. Qxf8 Rxf6
27. Qc5 $18) 25. Qxf8 1-0

[Event "Interzonal-15"]
[Site "Manila"]
[Date "1990.??.??"]
[Round "1"]
[White "Popovic, Petar"]
[Black "Ljubojevic, Ljubomir"]
[Result "0-1"]
[WhiteElo "2520"]
[BlackElo "2600"]
[Annotator "Ftacnik,L"]
[PlyCount "65"]
[EventDate "1990.06.29"]
[EventType "swiss"]
[EventRounds "13"]
[EventCountry "PHI"]
[SourceTitle "CBM 019"]
[Source "ChessBase"]
[SourceDate "1990.12.01"]
[SourceVersion "1"]
[SourceVersionDate "1990.12.01"]
[SourceQuality "1"]

1. e4 c5 2. Nf3 d6 3. d4 cxd4 4. Nxd4 Nf6 5. Nc3 e6 6. g4 h6 7. h4 Nc6 8. Rg1
h5 9. gxh5 Nxh5 10. Bg5 Nf6 11. Qd2 Qb6 12. Nb3 a6 13. Be2 Qc7 14. h5 Nxh5 15.
Rh1 g6 16. Bxh5 gxh5 $1 17. Qe2 (17. f4 $5 b5 18. O-O-O Bb7 19. e5 $1 d5 20.
Bf6 Rh6 21. Rh3 $1 $44) 17... b5 18. Rxh5 Rxh5 (18... Rg8 $5) 19. Qxh5 b4 $1
20. Ne2 a5 $1 21. Qh8 $6 (21. O-O-O $2 a4 $36) (21. Bh6 Be7 (21... a4 22. Bxf8
axb3 23. Qh8 $1) 22. Bg5 $10) (21. Rd1 $5) 21... Ne5 22. Nbd4 Bb7 $2 (22... Ba6
$1 23. Ng3 Qc5 $17) 23. O-O-O $2 (23. Ng3 Qc5 $1) (23. Rd1 $1 $16 Qc5 24. f4
Nc4 25. Nxe6 $1 fxe6 26. Nd4 Qc7 27. Qxf8+ $1) 23... Bxe4 $6 (23... Rc8 $1 $17
24. Rd2 $8 (24. Ng3 Nf3 25. Bh6 Kd7 $3) 24... Nc4 (24... Bxe4 25. Ng3 $13) 25.
Bh6) 24. Ng3 Bg6 25. f4 (25. Nh5 $5 Bxh5 (25... Ng4 26. Rg1 $1 $36) 26. Nb5 Qb8
$8 27. Nxd6+ Kd7 28. Nxf7+ Bxd1 29. Nxe5+ Kd6 30. Bf4 $13) 25... Nf3 26. f5
Nxd4 27. Rxd4 exf5 28. Rd2 $2 $138 (28. Bh6 $1 Ke7 $8 29. Bf4 Ke6 $1 $15) 28...
Kd7 $1 29. Qh3 Re8 $1 $17 30. Nxf5 Re1+ 31. Rd1 Rxd1+ 32. Kxd1 Qc4 $3 33. Nxd6+
$4 0-1

[Event "URS-ch58"]
[Site "Moscow"]
[Date "1991.??.??"]
[Round "3"]
[White "Aseev, Konstantin N"]
[Black "Sakaev, Konstantin"]
[Result "1/2-1/2"]
[WhiteElo "2525"]
[BlackElo "2495"]
[Annotator "Ftacnik,L"]
[PlyCount "120"]
[EventDate "1991.11.??"]
[EventType "swiss"]
[EventRounds "11"]
[EventCountry "URS"]
[SourceTitle "URS-ch"]
[Source "ChessBase"]
[SourceDate "1999.07.01"]
[SourceVersion "1"]
[SourceVersionDate "1999.07.01"]
[SourceQuality "1"]

1. e4 c5 2. Nf3 e6 3. d4 cxd4 4. Nxd4 Nf6 5. Nc3 d6 6. g4 a6 7. g5 Nfd7 8. Be3
b5 9. a3 Nb6 10. Qg4 $1 N8d7 (10... Bb7 $2 11. O-O-O $16) (10... e5 $6 11. Nf5
g6 $2 12. Bxb6 gxf5 $8 (12... Qxb6 13. Nxd6+ Bxd6 14. Qxc8+ $18) 13. Bxd8 fxg4
14. Bf6 Rg8 15. Nd5 $16) (10... Nc4 11. Bxc4 bxc4 12. O-O-O $5 $16 {} e5 13.
Nf5 g6 14. Nd5 gxf5 15. exf5 $18) 11. Rd1 Ne5 (11... Bb7 $2 12. g6 $1 hxg6 13.
Nxe6 fxe6 14. Qxg6+ Ke7 15. Bg5+ Nf6 16. e5 $16) 12. Qg3 Qc7 13. f4 Nec4 14.
Bc1 Bb7 (14... e5 $16) 15. Bg2 (15. b3 $5 e5 (15... Na5 $16) 16. Nf5 g6 $132 {
+/=}) 15... Rc8 (15... O-O-O $16) 16. Nde2 Qc5 17. b4 (17. Rd3 $5) (17. h4 $5)
17... Qc7 18. O-O Be7 19. f5 (19. Rd3 $16) 19... exf5 20. exf5 O-O 21. f6 (21.
Rd4 $5) 21... Bd8 22. fxg7 Re8 23. Rd4 Bxg2 24. Qxg2 Ne3 (24... Qc6 $5) 25.
Bxe3 Rxe3 26. Rdf4 Re5 (26... Re7 $16) 27. h4 Nc4 28. Nd5 Rxd5 29. Qxd5 (29.
Rxf7 Qxf7 $8 (29... Qc6 $4 30. Rf8+ Kxg7 31. R1f7+ Kg6 32. Nf4#) 30. Rxf7 Rd1+
$8 31. Rf1 Ne3 32. Rxd1 $16) 29... Ne3 30. Qxf7+ (30. Qe4 Nxf1 31. Kxf1 $5 $16
(31. Rxf1 Qc6 $8)) 30... Qxf7 31. Rxf7 Nxf1 32. Rxf1 Bb6+ 33. Kh1 Rxc2 34. Ng3
Bd4 (34... Kxg7 35. Rf6 $18) 35. Nf5 Be5 36. Kg1 Bh2+ 37. Kh1 Be5 38. Rf3 Bxg7
39. Ne7+ Kh8 40. Rf7 Be5 41. Nf5 Rc8 42. Kg2 d5 43. Kf3 Bb2 44. h5 (44. Ne7 Rd8
(44... Rc3+ 45. Ke2 $18) 45. h5 Re8 (45... Bxa3 46. g6 hxg6 47. hxg6) 46. Nxd5
$18) 44... Rg8 45. Ne7 Rxg5 46. h6 Rg8 47. Nxg8 Kxg8 48. Rf4 Bxa3 49. Kg4 Bc1
50. Rf6 Bd2 51. Rxa6 Bxb4 52. Ra8+ Bf8 53. Rd8 Kf7 54. Kh5 b4 55. Rxd5 Ke6 56.
Rd8 Bd6 57. Rh8 b3 58. Rxh7 Kd5 59. Rb7 Kc4 60. h7 Be5 1/2-1/2